000 00666nam a2200205 u 4500
005 20220916063543.0
008 090203s2007 ea r 000 0 spa d
020 _a1404272542
035 _aUPN01000168661
049 _aI
050 4 _aPZ10.3
_bW5.6
100 1 _aWilliams, Zachary
_931964
245 1 1 _a¿Qué será? /
_cZachary Williams ; tr. María Cristina Brusca.
260 _aNew York :
_bRosenClassroom Books & Materials,
_c2007.
300 _a16 p. :
_bprincipalmente il. col.
440 0 _aLecturas del barrio.
_pMisterio
650 4 _aMARIPOSAS -
_vLITERATURA INFANTIL
_920151
650 7 _aLibros ilustrados para niños
_2
_921365
905 _aInfantil
999 _c140767
_d140767